Quizzes
Events
Quiz Creation
Community
Videos
Private Events
Remove Ads
Sign In
Join for FREE
Feedback
Dark Mode
Quiz Categories
Sports
Geography
Music
Movies
Television
Just For Fun
Miscellaneous
History
Literature
Language
Science
Gaming
Entertainment
Religion
Holiday
For Kids
Quiz Lab
Recent
Popular Today
Quiz Kudos Today
Editor Picks
Curator Picks
Quizzes by...
Day
Popularity
Type
Ratings
Length
Year
Community
Subscriptions
Recent Discussions
Orange Saloon
Badges
Playlists
Quests
Create
Leaderboards
Showdown
Live 5
Trivia Bingo
Activity
Puzzle Library
Sporcle Events
Private Events
Virtual Trivia
Globe League
Become a Host
Pub Owners
SporcleCon
Opinionation
Our Games
Videos
Blog
Mobile Apps
Partnerships
Remove Ads and Go Orange
Feedback
Geography
Country
Landmarks
City
State
Population
World
Capital
Continent
Flags
Europe
Africa
Asia
South America
North America
Oceania
Border
Canada
United Kingdom
Topography
United States
Geography
Country
Landmarks
City
State
Population
World
Capital
Continent
Flags
Europe
Africa
Asia
South America
North America
Oceania
Border
Canada
United Kingdom
Topography
United States
Random Quiz
Search Sporcle
×
Quiz Lab
Quiz Lab
Geography
Population
Type in answers that appear in a list
Type in answers that appear in a list
Classic
Best Score? Go Orange.
States by Population Density Stats
Can you name the U.S. states in order of population density?
By
tc22
15m
50 Questions
2,587 Plays
2,587 Plays
2,587 Plays
Comments
Comments
Give Quiz Kudos
Give Quiz Kudos
-
- Ratings
hide this ad
Forced Order
Answers have to be entered in order
Answers have to be entered in order
Replay
Link that replays current quiz
Next Quiz
Link to next quiz in quiz playlist
You Got
0%
They Got
Avg Score
73%
Avg Friend Score
Upgrade to see
Score Distribution
Jump to the score distribution portion of the page
Score
0/50
Timer
15:00
0
Plays Today
Rank
State
% Correct
1
New Jersey
97.8%
2
Rhode Island
95.1%
3
Massachusetts
91.3%
4
Connecticut
89.8%
5
Maryland
87.9%
6
Delaware
86.2%
7
New York
85.7%
8
Florida
82.9%
50
Alaska
81.6%
9
Ohio
81.1%
49
Wyoming
79%
10
Pennsylvania
78.9%
48
Montana
78.1%
11
California
78.1%
12
Illinois
77.3%
47
North Dakota
76.6%
46
South Dakota
76.3%
13
Hawaii
74.6%
14
Virginia
74%
45
New Mexico
73.6%
44
Idaho
73.5%
15
North Carolina
73.4%
16
Indiana
72.8%
18
Georgia
71.7%
17
Michigan
71.6%
Rank
State
% Correct
43
Nebraska
71.5%
42
Nevada
70.9%
41
Utah
70.6%
19
Tennessee
70.2%
40
Kansas
69.7%
20
South Carolina
69%
21
New Hampshire
68.6%
26
Texas
68.6%
39
Oregon
68.5%
22
Kentucky
68.2%
38
Maine
67.9%
23
Wisconsin
67.4%
25
Washington
67.3%
24
Louisiana
66.8%
35
Iowa
66.8%
27
Alabama
66.4%
36
Oklahoma
66.1%
28
Missouri
66%
37
Colorado
65.8%
30
Vermont
65.8%
33
Arizona
65.6%
31
Minnesota
65%
34
Arkansas
64.7%
32
Mississippi
63.6%
29
West Virginia
63.5%
Quiz Playlist
Details
Report
Send in Message
Add To Playlist
Classic:
Type in answers that appear in a list
Forced Order:
Answers have to be entered in order
Quiz Source
Last Updated: Sep 19, 2018
Quiz Scoreboard
CHALLENGE
Sign Up to Join the Scoreboard
Show All
Scores
Hide
Comments
May contain spoilers
Recently Published
Pick 6: Fruits
by JohnFran
Miscellaneous
15s
Click the 1999 NBA Draft
by nibperrychub
Sports
2m
Alphabetical 'K' Countries by Flag Minefield
by ylime102
Geography
3m
More to Explore
Quiz From the Vault
Featured Blog Post
15 Basketball Trivia Facts You Can Be March Mad About
hide this ad
You Might Also Like...
Tags
Population Quiz
State Quiz
mile
Order
Population Density
Today's Top Quizzes in Geography
Browse Geography
hide this ad
Today's Top Quizzes in Population
Browse Population
Top Contributed Quizzes in Geography
1
Countries of the World - No Outlines Minefield
2
Pick 6: Mountains
3
Alphabetical 'L' Countries By Flag Minefield
4
Lietuvos savivaldybės (Lithuanian Municipalities)
5
Least Populated Answer: 'G' Countries
6
African Flag Reveal XXXVI
7
Pick 6: US States
8
Pick 6: National Parks
9
Alphabetical 'M' Countries By Flag Minefield
10
Complete the Map Snippet (Minefield) IX
Explore More
Trending Topics
Kpop
Marvel
NBA
Crossword
Harry Potter
Disney
Anime
WWE
Puzzle
NFL
Country
The Office
Pokémon
Song
Soccer
hide this ad
More By:
tc22
Quiz
Plays
Rating
Category
Featured
Created
All-NBA since 1970
13,273
4.43
Sports
Oct 5, 2009
Duke Starters of the Coach K Era
4,723
4.00
Sports
Oct 21, 2009
States by Population Density
2,587
4.48
Geography
Oct 18, 2009
NBA 50 Greatest Last Teams
2,527
4.26
Sports
Oct 5, 2009
Baseball Hall of Fame Hat Logos
2,035
2.46
Sports
Oct 17, 2009
Go to Creator's Profile
Score Distribution
Quiz Creator Spotlight
tc22
Follow
Send a Message
Quizzes Created
-
Created Quiz Play Count
-
More By This Creator
Popular Quizzes Today
1
Countries of Asia Without Outlines Minefield
2
Find the US States - No Outlines Minefield
3
Pick 6: Fruits
4
Alphabetical 'K' Countries by Flag Minefield
5
The Countries of the World
6
Find the US States
7
Match the Book to the Film X
8
US States
More Geography Quizzes
6 Letter Country Match-Up
Published
Trending Quizzes
Pick 6: Harry Potter
Pick 6: Mountains
Pick 6: NFL Teams
Pick 6: Movie Franchises
Pick 6: Golfers
Recently Updated
NWSL Teams
pecheneg
Women's Final Four Teams by Year
bhenderson79
Presidents Quartet II
eogle
Anything But Clue(do)
eogle
Anything But Oceanian Capitals
eogle
Anything But 7
eogle
Anything But Thing
eogle
Word Ladder: February 29
pecheneg
Song Title Questions
pecheneg
Women's NCAA Tournament #1 Seeds
pecheneg
Trending Topics
Marvel
Kpop
Harry Potter
Crossword
Disney
NBA
Anime
Soccer
NFL
The Office
Puzzle
Country
Pokémon
Song
WWE
Your Account Isn't Verified!
In order to create a playlist on Sporcle, you need to verify the email address you used during registration. Go to your
Sporcle Settings
to finish the process.
Report this User
Report this user for behavior that violates our
Community Guidelines
.
Details:
Send Report
Go to the Sporcle.com Mobile Site →
Comments